Cross-national research methods in the social sciences (Record no. 1928)

MARC details
000 -LEADER
fixed length control field 00452nam a2200169Ia 4500
020 ## - INTERNATIONAL STANDARD BOOK NUMBER
ISBN 1-85567-345-2
082 ## - DEWEY DECIMAL CLASSIFICATION NUMBER
Classification number 300.1 CRO;
245 #0 - TITLE STATEMENT
Title Cross-national research methods in the social sciences
260 ## - PUBLICATION, DISTRIBUTION, ETC. (IMPRINT)
Place of publication London
Name of publisher Pinter Publishers
Year of publication 1996
300 ## - PHYSICAL DESCRIPTION
Number of Pages 230p.
504 ## - BIBLIOGRAPHY, ETC. NOTE
Bibliography, etc Incudes index
650 ## - SUBJECT ADDED ENTRY--TOPICAL TERM
Topical Term Social sciences - Methodology
650 ## - SUBJECT ADDED ENTRY--TOPICAL TERM
Topical Term Social sciences - Research
700 ## - ADDED ENTRY--PERSONAL NAME
Personal name Hantrais, Linda
700 ## - ADDED ENTRY--PERSONAL NAME
Personal name Mangen, Steen
942 ## - ADDED ENTRY ELEMENTS (KOHA)
Koha item type Books
Holdings
Withdrawn status Lost status Damaged status Not for loan Home library Current library Date acquired Bill Date Full call number Accession Number Price effective from Koha item type
        NASSDOC Library NASSDOC Library 08/06/2004 2008-12-30 300.1 CRO; 35654 18/04/2019 Books